ბათუმის შოთა რუსთაველის სახელმწიფო უნივერსიტეტის ბიბლიოთეკა

Ⴇვენი. [ტ.] 31, 1 ნოემბერი - 10 ნოემბერი (ახალი სტილით 14 ნოემბერი - 23 ნოემბერი) / (ბიბ.ჩანაწერი № 54633)

000 -ლიდერი
ფიქსირებული სიგრძის საკონტროლო ველი 01320nam a2200253Ia 4500
001 - საკონტროლო ნომერი
საკონტროლო ველი 21700
003 - საკონტროლო ნომრის იდენტიფიკატორი
საკონტროლო ველი GE_BSU
005 - ბოლო ოპერაციის თარიღი და დრო
საკონტროლო ველი 20250729124752.0
008 - ფიქსირებული სიგრძის მონაცემთა ელემენტები - ზოგადი ინფორმაცია
ფიქსირებული სიგრძის საკონტროლო ველი 181216s2017||||ge |||||||||||||| ||geo||
020 ## - წიგნის საერთაშორისო სტანდარტული ნომერი
International Standard Book Number 9789941249082
040 ## - კატალოგიზაციის წყარო
Transcribing agency GE_BSU
041 ## - ენის კოდი
Language code of text/sound track or separate title geo
080 ## - უნივერსალური ათობითი კლასიფიკაციის ინდექსი
Universal Decimal Classification number 27-36 თ-54
245 ## - ცნობა სათაურის შესახებ
Title Ⴇვენი. [ტ.] 31, 1 ნოემბერი - 10 ნოემბერი (ახალი სტილით 14 ნოემბერი - 23 ნოემბერი) /
Statement of responsibility, etc პროექტის ავტორი და რედაქტორი თამარ მამაცაშვილი ; შემდგენელი მანანა ტუაევა ; დიზაინერი რატი თორდია.
264 ## - წარმოების, გამოცემის, დისტრიბუციის და სხვა ცნობები
გამოცემის, წარმოების, დისტრიბუციის... ადგილი თბილისი :
გამოცემის, წარმოების, დისტრიბუციის... სახელწოდება პალიტრა L,
გამოცემის, წარმოების, დისტრიბუციის... თარიღი 2017.
300 ## - ფიზიკური აღწერა
Extent 365 გვ. ;
Dimensions 22 სმ.
490 ## - სერიის ცნობა
Series statement ჟურნალ ”კარიბჭის” ბიბლიოთეკა
653 ## - INDEX TERM--UNCONTROLLED
Uncontrolled term თვენი. 1 ნოემბერი -10 ნოემბერი. 31
653 ## - INDEX TERM--UNCONTROLLED
Uncontrolled term რელიგია
653 ## - INDEX TERM--UNCONTROLLED
Uncontrolled term გარეკანზე: წმინდა დიდმოწამე გიორგი
653 ## - INDEX TERM--UNCONTROLLED
Uncontrolled term წმინდა მამათა ცხოვრება
942 ## - ADDED ENTRY ELEMENTS (KOHA)
Koha item type წიგნი
Source of classification or shelving scheme
ეგზემპლარები
ჩამოწერის სტატუსი დაკარგული ეგზემპლარის სტატუსი კლასიფიკაციის წყარო ან თაროზე გაწყობის სქემა დაზიანების სტატუსი არ გაიცემა მუდმივი მდებარეობა (დაცვის ადგილი) ამჟამინდელი ადგილსამყოფელი თაროზე განთავსების ადგილი შეძენის თარიღი ღირებულება, შესყიდვის ნორმალური ფასი სრული შენახვის შიფრი შტრიხკოდი ბოლო ოპერაციის თარიღი ეგზემპლარის მიმდევრობითი ნომერი (კეტერი?) ფასის ძალაში შესვლის თარიღი ეგზემპლარის სახეობა საჯარო შენიშვნა
          ბათუმის შოთა რუსთაველის სახელმწიფო უნივერსიტეტის მთავარი ბიბლიოთეკა ბათუმის შოთა რუსთაველის სახელმწიფო უნივერსიტეტის მთავარი ბიბლიოთეკა წიგნსაცავი 2018-12-17 6.00 27-36 თ-54 27980 2018-12-17 27980 2018-12-17 წიგნი 6.00 ₾.